000
00323nam a2200121 a 4500
005
20140414131900.0
008
100916s19uu xx 00 eng d
050
_a
FIC
_b
B35 1995
100
_a
Betancourt, Jeanne
245
_a
Pony pals :
_b
a pony in trouble.
260
_a
New York :
_b
Scholastic ,
_c
1997.
999
_c
110636
_d
110636